000
00303nam a22001337a 4500
008
181105b xxu||||| |||| 00| 0 eng d
020
_a
9780534147303
041
_a
eng
080
_a
316
100
_a
50
101
_a
SOC
245
_a
The Social Work Skills Workbook
_c
Cournoyer, B
942
_2
udc
_c
BK
999
_c
51913
_d
51913